[Event "IND-ch U13"]
[Site "Puducherry"]
[Date "2013.07.02"]
[Round "4"]
[White "Swain, Diptanshu Ranjan"]
[Black "Mitrabha, Guha"]
[Result "0-1"]
[WhiteElo "1727"]
[BlackElo "1967"]
[PlyCount "106"]
[EventDate "2013.06.30"]
[EventType "swiss"]
[EventRounds "11"]
[EventCountry "IND"]
[SourceTitle "EXT 2014"]
[Source "ChessBase"]
[SourceDate "2013.11.20"]
[SourceVersion "1"]
[SourceVersionDate "2013.11.20"]
[SourceQuality "1"]

1. d4 Nf6 2. Nf3 e6 3. c4 b6 4. g3 Ba6 5. b3 Bb4+ 6. Bd2 Be7 7. Bg2 c6 8. Nc3 d5 9. cxd5 cxd5 10. 0-0 Nbd7 11. Re1 0-0 12. e4 dxe4 13. Ng5 Bb7 14. Ngxe4 Nxe4 15. Bxe4 Bxe4 16. Nxe4 Nf6 17. Nxf6+ Bxf6 18. Be3 Qd5 19. Qg4 h5 20. Qe2 Rac8 21. Rad1 Rfd8 22. Bf4 g6 23. Be5 Bg5 24. h4 Bh6 25. g4 hxg4 26. Qxg4 Kh7 27. Bf6 Rd7 28. Re5 Qc6 29. d5 Rxd5 30. Rexd5 exd5 31. Rxd5 Re8 32. Qd4 Re1+ 33. Kg2 Re6 34. Be5 Bg7 35. Kg1 Rxe5 36. Rxe5 Qf6 37. f4 Qxh4 38. Qe3 Bxe5 39. Qxe5 Qg3+ 40. Kh1 Qf3+ 41. Kg1 Qd1+ 42. Kf2 Qc2+ 43. Kg3 Qc5 44. Qe8 Kg7 45. Qd7 Qe3+ 46. Kg2 Qxf4 47. Qxa7 Qg5+ 48. Kf2 Qa5 49. Qxa5 bxa5 50. Ke3 Kf6 51. Kd4 Ke6 52. Kc5 g5 53. b4 axb4 0-1